<?xml version="1.0" encoding="UTF-8"?>
<record
    xmlns:xsi="http://www.w3.org/2001/XMLSchema-instance"
    xsi:schemaLocation="http://www.loc.gov/MARC21/slim http://www.loc.gov/standards/marcxml/schema/MARC21slim.xsd"
    xmlns="http://www.loc.gov/MARC21/slim">

  <leader>01219nam0a22002771  4500</leader>
  <controlfield tag="001">rc\3906704</controlfield>
  <controlfield tag="005">20250610124922.0</controlfield>
  <datafield tag="021" ind1=" " ind2=" ">
    <subfield code="a">RU</subfield>
    <subfield code="b">[56-5925]</subfield>
  </datafield>
  <datafield tag="035" ind1=" " ind2=" ">
    <subfield code="a">(NLR Aleph) 007908444</subfield>
  </datafield>
  <datafield tag="090" ind1=" " ind2=" ">
    <subfield code="a">8082259</subfield>
    <subfield code="c">8082259</subfield>
  </datafield>
  <datafield tag="100" ind1=" " ind2=" ">
    <subfield code="a">20130415d1955    |||y0rusy50      ca</subfield>
  </datafield>
  <datafield tag="101" ind1="0" ind2=" ">
    <subfield code="a">rus</subfield>
  </datafield>
  <datafield tag="102" ind1=" " ind2=" ">
    <subfield code="a">RU</subfield>
  </datafield>
  <datafield tag="105" ind1=" " ind2=" ">
    <subfield code="a">ag  z   |||||</subfield>
  </datafield>
  <datafield tag="200" ind1="1" ind2=" ">
    <subfield code="a">&#x423;&#x437;&#x435;&#x438;&#x440; &#x413;&#x430;&#x434;&#x436;&#x438;&#x431;&#x435;&#x43A;&#x43E;&#x432;</subfield>
    <subfield code="e">(&#x416;&#x438;&#x437;&#x43D;&#x44C;, &#x434;&#x435;&#x44F;&#x442;&#x435;&#x43B;&#x44C;&#x43D;&#x43E;&#x441;&#x442;&#x44C; &#x438; &#x442;&#x432;&#x43E;&#x440;&#x447;&#x435;&#x441;&#x442;&#x432;&#x43E; &#x432;&#x435;&#x43B;&#x438;&#x43A;&#x43E;&#x433;&#x43E; &#x430;&#x437;&#x435;&#x440;&#x431;&#x430;&#x439;&#x434;&#x436;. &#x43A;&#x43E;&#x43C;&#x43F;&#x43E;&#x437;&#x438;&#x442;&#x43E;&#x440;&#x430;)</subfield>
    <subfield code="f">&#x410;&#x437;&#x435;&#x440;&#x431;&#x430;&#x439;&#x434;&#x436;. &#x442;&#x435;&#x430;&#x442;&#x440;. &#x43E;-&#x432;&#x43E;</subfield>
  </datafield>
  <datafield tag="210" ind1=" " ind2=" ">
    <subfield code="a">&#x411;&#x430;&#x43A;&#x443;</subfield>
    <subfield code="c">&#x410;&#x437;&#x435;&#x440;&#x43D;&#x435;&#x448;&#x440;</subfield>
    <subfield code="d">1955</subfield>
  </datafield>
  <datafield tag="215" ind1=" " ind2=" ">
    <subfield code="a">152 &#x441;.</subfield>
    <subfield code="c">&#x438;&#x43B;., &#x43D;&#x43E;&#x442;. &#x438;&#x43B;.</subfield>
    <subfield code="d">20</subfield>
  </datafield>
  <datafield tag="300" ind1=" " ind2=" ">
    <subfield code="a">&#x41F;&#x435;&#x440;&#x435;&#x434; &#x437;&#x430;&#x433;&#x43B;. &#x430;&#x432;&#x442;.: &#x425;&#x443;&#x440;&#x448;&#x438;&#x434; &#x410;&#x433;&#x430;&#x435;&#x432;&#x430;, &#x437;&#x430;&#x441;&#x43B;&#x443;&#x436;. &#x434;&#x435;&#x44F;&#x442;&#x435;&#x43B;&#x44C; &#x438;&#x441;&#x43A;&#x443;&#x441;&#x441;&#x442;&#x432;&#x430; &#x410;&#x437;&#x435;&#x440;&#x431;&#x430;&#x439;&#x434;&#x436;. &#x421;&#x421;&#x420;</subfield>
  </datafield>
  <datafield tag="320" ind1=" " ind2=" ">
    <subfield code="a">&#x41C;&#x443;&#x437;. &#x43F;&#x440;&#x43E;&#x438;&#x437;&#x432;&#x435;&#x434;&#x435;&#x43D;&#x438;&#x44F;, &#x43D;&#x430;&#x443;&#x447;. &#x442;&#x440;&#x443;&#x434;&#x44B; &#x438; &#x441;&#x442;&#x430;&#x442;&#x44C;&#x438;, &#x43D;&#x430;&#x43F;&#x438;&#x441;&#x430;&#x43D;&#x43D;&#x44B;&#x435; &#x423;. &#x413;&#x430;&#x434;&#x436;&#x438;&#x431;&#x435;&#x43A;&#x43E;&#x432;&#x44B;&#x43C;: &#x441;. 145-151</subfield>
  </datafield>
  <datafield tag="700" ind1=" " ind2="1">
    <subfield code="a">&#x410;&#x433;&#x430;&#x435;&#x432;&#x430;</subfield>
    <subfield code="b">&#x425;.&#x425;.&#x413;. &#x43A;&#x44B;&#x437;&#x44B;</subfield>
    <subfield code="f">1906-1953</subfield>
    <subfield code="g">&#x425;&#x443;&#x440;&#x448;&#x438;&#x434; &#x425;&#x430;&#x43D;&#x443;&#x43C; &#x413;&#x430;&#x441;&#x430;&#x43D; &#x43A;&#x44B;&#x437;&#x44B;</subfield>
  </datafield>
  <datafield tag="702" ind1=" " ind2="1">
    <subfield code="a">&#x413;&#x430;&#x434;&#x436;&#x438;&#x431;&#x435;&#x43A;&#x43E;&#x432;</subfield>
    <subfield code="b">&#x423;.</subfield>
    <subfield code="g">&#x423;&#x437;&#x435;&#x438;&#x440;</subfield>
    <subfield code="4">570</subfield>
  </datafield>
  <datafield tag="801" ind1=" " ind2="0">
    <subfield code="a">RU</subfield>
    <subfield code="b">NLR</subfield>
    <subfield code="g">psbo</subfield>
  </datafield>
  <datafield tag="801" ind1=" " ind2="1">
    <subfield code="a">RU</subfield>
    <subfield code="b">ELAR</subfield>
    <subfield code="2">rusmarc</subfield>
  </datafield>
  <datafield tag="852" ind1=" " ind2=" ">
    <subfield code="a">NLR</subfield>
    <subfield code="j">&#x418;&#x441;80 &#x413;-3/83</subfield>
  </datafield>
  <datafield tag="942" ind1=" " ind2=" ">
    <subfield code="c">BOOK</subfield>
  </datafield>
  <datafield tag="980" ind1=" " ind2=" ">
    <subfield code="a">NB</subfield>
  </datafield>
  <datafield tag="995" ind1=" " ind2=" ">
    <subfield code="5">2013-10-26</subfield>
    <subfield code="b">NLR02</subfield>
    <subfield code="c">NLR02</subfield>
    <subfield code="e">RFS</subfield>
    <subfield code="f">1-3942727</subfield>
    <subfield code="k">&#x418;&#x441;80 &#x413;-3/83</subfield>
    <subfield code="o">0</subfield>
    <subfield code="r">BOOK</subfield>
    <subfield code="s">80_383</subfield>
  </datafield>
</record>
